Determinación de la cinética de remoción de diferentes contaminantes de Biofiltros de Flujo Horizontal

Enfoca la cinética de remoción de diferentes contaminantes en Biofiltros de flujo horizontal, esto con el fin de obtener ecuaciones de diseño que permitan la construcción de otras unidades en países con clima tropical como el nuestro, usando como referencia las unidades III y IV del Biofiltro V...

Full description

Bibliographic Details
Main Author: Chavarría Talavera, Ana María
Other Authors: Tutor: Platzer, Michael
Format: Tesis Section = Libro
Language:Undetermined
Spanish
Published: Managua UNI 2003
Subjects:
LEADER 01392nam a2200253Ia 4500
008 240830s9999 xx 000 0 und d
040 |a CEDOC DACA-RUSB / Mon 660 Ch512 
041 |a spa 
082 |a Mon 660 Ch512 
100 1 |a Chavarría Talavera, Ana María 
245 1 0 |a Determinación de la cinética de remoción de diferentes contaminantes de Biofiltros de Flujo Horizontal 
260 |a Managua  |b UNI  |c 2003 
300 |a 100 p. :il 
500 |a Contiene anexos 
502 |a Tesis (Ingeniero Químico) -UNI, 2003. 
520 3 |a Enfoca la cinética de remoción de diferentes contaminantes en Biofiltros de flujo horizontal, esto con el fin de obtener ecuaciones de diseño que permitan la construcción de otras unidades en países con clima tropical como el nuestro, usando como referencia las unidades III y IV del Biofiltro Villa Bosco Monge - Masaya y la unidad I del Biofiltro La providencia, León. Determina el régimen del flujo hidráulica y el tiempo de retención real en tres Biofiltros de flujo horizontal: la cinética d 
650 7 |a INGENIERIA QUIMICA - BIOFILTROS - FLUJO HORIZONTAL 
650 7 |b  CINETICA DE REMOCION - CONTAMINANTES. 
650 7 |c  CONTAMINANTES - BIOFILTROS - FLUJO HORIZONTAL. 
650 7 |d  TRATAMIENTO DE AGUAS RESIDUALES - DOMESTICAS 
700 1 |a Tutor:  |b Platzer, Michael 
942 |c BK  |2 ddc 
991 |a TESIS 
999 |c 26128